00616 2200265 4500001002100000005001500021035002000036007000300056040001700059100002000076245002800096250001100124300003000135020002200165041000800187082001200195084001800207090001800225264003000243336001500273337001300288338001500301650002400316850001000340INLIS00000000001162320230721115744 a0010-0723000334ta aSBPUPADbind1 aHany Ferdinando00aKodu /cHany Ferdinando aCet. 1 a124 hlm. :bilus. ;c23cm a978-979-29-2170-00 aind14a005.116 a005.116 HAN k a005.116 HAN k 0aYogyakarta :bANDI,c2015 2rdacontent 2rdamedia 2rdacarrier aPemograman Komputer aPUPAD